[Event "Hoogeveen Open"]
[Site "Hoogeveen, Netherlands"]
[Date "2018.10.22"]
[Round "3.33"]
[White "Mijnheer, Peter"]
[Black "De Vries, Emma"]
[Result "1-0"]
[WhiteElo "2092"]
[BlackElo "1905"]

1. e4 {[%clk 01:22:50]} {[%emt 00:08:09]} e6 {[%clk 01:30:52]} {[%emt
00:00:10]} 2. d4 {[%clk 01:22:52]} {[%emt 00:00:27]} d5 {[%clk 01:31:17]}
{[%emt 00:00:06]} 3. Nd2 {[%clk 01:23:16]} {[%emt 00:00:05]} Nf6 {[%clk
01:31:38]} {[%emt 00:00:09]} 4. e5 {[%clk 01:23:40]} {[%emt 00:00:05]} Nfd7
{[%clk 01:32:03]} {[%emt 00:00:06]} 5. c3 {[%clk 01:23:57]} {[%emt 00:00:12]}
c5 {[%clk 01:32:26]} {[%emt 00:00:07]} 6. Bd3 {[%clk 01:24:17]} {[%emt
00:00:10]} Nc6 {[%clk 01:32:45]} {[%emt 00:00:12]} 7. Ne2 {[%clk 01:24:40]}
{[%emt 00:00:06]} cxd4 {[%clk 01:32:58]} {[%emt 00:00:18]} 8. cxd4 {[%clk
01:25:04]} {[%emt 00:00:05]} f6 {[%clk 01:33:19]} {[%emt 00:00:10]} 9. exf6
{[%clk 01:25:18]} {[%emt 00:00:15]} Nxf6 {[%clk 01:33:44]} {[%emt 00:00:05]} 10.
O-O {[%clk 01:25:31]} {[%emt 00:00:16]} Bd6 {[%clk 01:34:02]} {[%emt 00:00:13]}
11. Nf3 {[%clk 01:25:51]} {[%emt 00:00:09]} Qc7 {[%clk 01:34:17]} {[%emt
00:00:16]} 12. Nc3 {[%clk 01:24:34]} {[%emt 00:01:47]} a6 {[%clk 01:34:32]}
{[%emt 00:00:16]} 13. Bg5 {[%clk 01:23:45]} {[%emt 00:01:18]} O-O {[%clk
01:34:31]} {[%emt 00:00:32]} 14. Bh4 {[%clk 01:22:38]} {[%emt 00:01:36]} g6
{[%clk 01:26:15]} {[%emt 00:08:47]} 15. Bg3 {[%clk 01:20:44]} {[%emt 00:02:23]}
Nh5 {[%clk 01:20:52]} {[%emt 00:05:54]} 16. Bxd6 {[%clk 01:19:24]} {[%emt
00:01:49]} Qxd6 {[%clk 01:21:18]} {[%emt 00:00:05]} 17. Re1 {[%clk 01:18:14]}
{[%emt 00:01:38]} Ng7 {[%clk 01:14:33]} {[%emt 00:07:16]} 18. a3 {[%clk
00:56:38]} {[%emt 00:22:06]} Bd7 {[%clk 00:59:05]} {[%emt 00:15:58]} 19. b4
{[%clk 00:49:17]} {[%emt 00:07:51]} Nf5 {[%clk 00:50:52]} {[%emt 00:08:44]} 20.
Bxf5 {[%clk 00:38:43]} {[%emt 00:11:03]} Rxf5 {[%clk 00:49:52]} {[%emt
00:01:30]} 21. Re3 {[%clk 00:36:30]} {[%emt 00:02:43]} b5 {[%clk 00:42:55]}
{[%emt 00:07:28]} 22. Qd3 {[%clk 00:36:21]} {[%emt 00:00:39]} Raf8 {[%clk
00:38:48]} {[%emt 00:04:37]} 23. Rae1 {[%clk 00:34:03]} {[%emt 00:02:47]} Qf4
{[%clk 00:20:17]} {[%emt 00:19:02]} 24. Ne2 {[%clk 00:32:33]} {[%emt 00:01:59]}
Qh6 {[%clk 00:20:35]} {[%emt 00:00:13]} 25. Ng3 {[%clk 00:17:58]} {[%emt
00:15:04]} Rf4 {[%clk 00:19:46]} {[%emt 00:01:19]} 26. h3 {[%clk 00:15:46]}
{[%emt 00:02:42]} Qg7 {[%clk 00:14:34]} {[%emt 00:05:43]} 27. Ne2 {[%clk
00:15:52]} {[%emt 00:00:23]} R4f6 {[%clk 00:09:39]} {[%emt 00:05:26]} 28. Rf1
{[%clk 00:15:34]} {[%emt 00:00:48]} a5 {[%clk 00:05:16]} {[%emt 00:04:53]} 29.
Ne5 {[%clk 00:09:44]} {[%emt 00:06:20]} axb4 {[%clk 00:03:16]} {[%emt
00:02:30]} 30. Nxc6 {[%clk 00:09:53]} {[%emt 00:00:22]} Bxc6 {[%clk 00:03:45]}
{[%emt 00:00:01]} 31. axb4 {[%clk 00:10:10]} {[%emt 00:00:12]} Qe7 {[%clk
00:03:12]} {[%emt 00:01:03]} 32. Qd2 {[%emt 00:02:50]} Ra8 {[%clk 00:01:30]} 33.
Nc1 {[%clk 00:10:29]} {[%emt 00:00:03]} Be8 {[%clk 00:00:34]} {[%emt 00:01:26]}
34. Nd3 {[%clk 00:10:44]} {[%emt 00:00:15]} g5 {[%clk 00:00:32]} {[%emt
00:00:33]} 35. Ne5 {[%clk 00:09:46]} {[%emt 00:01:28]} Bg6 {[%clk 00:00:34]}
{[%emt 00:00:28]} 36. Rg3 {[%clk 00:09:42]} {[%emt 00:00:34]} Ra4 {[%clk
00:00:35]} {[%emt 00:00:29]} 37. Rc1 {[%clk 00:09:26]} {[%emt 00:00:46]} Rxb4
{[%clk 00:00:32]} {[%emt 00:00:33]} 38. Nc6 {[%clk 00:09:35]} {[%emt 00:00:19]}
1-0

[Event "Hoogeveen Open"]
[Site "Hoogeveen, Netherlands"]
[Date "2018.10.22"]
[Round "3.34"]
[White "Verhoef, Pieter"]
[Black "Kutchoukov, Daniel"]
[Result "1-0"]
[WhiteElo "2058"]
[BlackElo "1882"]

1. e4 {[%clk 01:27:53]} {[%emt 00:03:06]} c6 {[%clk 01:30:57]} {[%emt
00:00:04]} 2. d4 {[%clk 01:28:18]} {[%emt 00:00:04]} d5 {[%clk 01:31:25]}
{[%emt 00:00:03]} 3. Nd2 {[%clk 01:28:43]} {[%emt 00:00:05]} dxe4 {[%clk
01:31:44]} {[%emt 00:00:11]} 4. Nxe4 {[%clk 01:29:06]} {[%emt 00:00:06]} Bf5
{[%clk 01:31:46]} {[%emt 00:00:29]} 5. Ng3 {[%clk 01:29:29]} {[%emt 00:00:06]}
Bg6 {[%clk 01:32:12]} {[%emt 00:00:04]} 6. h4 {[%clk 01:29:53]} {[%emt
00:00:06]} h6 {[%clk 01:32:39]} {[%emt 00:00:03]} 7. Nf3 {[%clk 01:30:18]}
{[%emt 00:00:05]} e6 {[%clk 01:33:02]} {[%emt 00:00:07]} 8. Ne5 {[%clk
01:30:43]} {[%emt 00:00:05]} Bh7 {[%clk 01:33:14]} {[%emt 00:00:19]} 9. Bd3
{[%clk 01:31:07]} {[%emt 00:00:06]} Bxd3 {[%clk 01:33:38]} {[%emt 00:00:06]} 10.
Qxd3 {[%clk 01:31:31]} {[%emt 00:00:05]} Nd7 {[%clk 01:30:43]} {[%emt
00:03:25]} 11. Qe2 {[%clk 01:31:54]} {[%emt 00:00:07]} Bd6 {[%clk 01:16:59]}
{[%emt 00:14:15]} 12. Bf4 {[%clk 01:27:17]} {[%emt 00:05:07]} Ndf6 {[%clk
01:09:27]} {[%emt 00:08:02]} 13. Nf5 {[%clk 01:22:55]} {[%emt 00:04:51]} Bf8
{[%clk 00:59:48]} {[%emt 00:10:09]} 14. Nc4 {[%clk 01:16:36]} {[%emt 00:06:50]}
Nd5 {[%clk 00:37:08]} {[%emt 00:23:10]} 15. Bg3 {[%clk 01:04:37]} {[%emt
00:12:28]} Qd7 {[%clk 00:06:47]} {[%emt 00:30:51]} 16. O-O-O {[%clk 01:00:34]}
{[%emt 00:04:33]} Ngf6 {[%clk 00:06:01]} {[%emt 00:01:17]} 17. h5 {[%clk
00:53:40]} {[%emt 00:07:23]} b5 {[%clk 00:01:44]} {[%emt 00:04:48]} 18. Ne5
{[%clk 00:50:01]} {[%emt 00:04:08]} Qb7 {[%clk 00:01:41]} {[%emt 00:00:33]} 19.
c4 {[%clk 00:45:17]} {[%emt 00:05:14]} bxc4 {[%clk 00:01:17]} {[%emt 00:00:54]}
20. Nxc4 {[%clk 00:45:40]} {[%emt 00:00:07]} Qd7 {[%clk 00:00:42]} {[%emt
00:01:06]} 21. Rhe1 {[%clk 00:36:03]} {[%emt 00:10:06]} Nb6 {[%clk 00:00:34]}
{[%emt 00:00:39]} 22. Ncd6+ {[%clk 00:32:47]} {[%emt 00:03:45]} Bxd6 {[%clk
00:00:56]} {[%emt 00:00:08]} 23. Bxd6 {[%clk 00:33:11]} {[%emt 00:00:06]} O-O-O
{[%clk 00:00:33]} {[%emt 00:00:53]} 24. Qa6+ {[%clk 00:33:22]} {[%emt
00:00:18]} 1-0

[Event "Hoogeveen Open"]
[Site "Hoogeveen, Netherlands"]
[Date "2018.10.22"]
[Round "3.35"]
[White "Husers, Yannic"]
[Black "Van Foreest, Machteld"]
[Result "1-0"]
[WhiteElo "1866"]
[BlackElo "1934"]

1. e4 {[%clk 01:28:36]} {[%emt 00:02:24]} e5 {[%clk 01:30:17]} {[%emt
00:00:43]} 2. Nc3 {[%clk 01:28:57]} {[%emt 00:00:10]} Nf6 {[%clk 01:30:38]}
{[%emt 00:00:08]} 3. f4 {[%clk 01:29:19]} {[%emt 00:00:08]} d5 {[%clk
01:23:14]} {[%emt 00:07:55]} 4. fxe5 {[%clk 01:20:04]} {[%emt 00:09:44]} Nxe4
{[%clk 01:22:35]} {[%emt 00:01:09]} 5. Nf3 {[%clk 01:19:54]} {[%emt 00:00:40]}
Be7 {[%clk 01:18:08]} {[%emt 00:04:57]} 6. g3 {[%clk 01:11:33]} {[%emt
00:08:51]} O-O {[%clk 01:16:41]} {[%emt 00:01:58]} 7. Bg2 {[%clk 01:07:56]}
{[%emt 00:04:06]} f6 {[%clk 01:11:48]} {[%emt 00:05:23]} 8. O-O {[%clk
00:54:44]} {[%emt 00:13:42]} Bg4 {[%clk 01:09:38]} {[%emt 00:02:40]} 9. Qe1
{[%clk 00:45:34]} {[%emt 00:09:40]} Bc5+ {[%clk 00:55:39]} {[%emt 00:14:29]} 10.
Kh1 {[%clk 00:43:25]} {[%emt 00:02:39]} Nf2+ {[%clk 00:54:21]} {[%emt
00:01:48]} 11. Rxf2 {[%clk 00:43:47]} {[%emt 00:00:07]} Bxf2 {[%clk 00:54:38]}
{[%emt 00:00:13]} 12. Qxf2 {[%clk 00:44:08]} {[%emt 00:00:09]} fxe5 {[%clk
00:54:38]} {[%emt 00:00:30]} 13. d3 {[%clk 00:34:55]} {[%emt 00:09:43]} Qf6
{[%clk 00:49:07]} {[%emt 00:06:01]} 14. Bf4 {[%clk 00:31:18]} {[%emt 00:04:08]}
exf4 {[%clk 00:44:57]} {[%emt 00:04:39]} 15. Nxd5 {[%clk 00:30:31]} {[%emt
00:01:17]} Qd6 {[%clk 00:43:18]} {[%emt 00:02:10]} 16. Nxf4 {[%clk 00:29:07]}
{[%emt 00:01:53]} Bxf3 {[%clk 00:40:02]} {[%emt 00:03:45]} 17. Bxf3 {[%clk
00:28:12]} {[%emt 00:01:25]} Nc6 {[%clk 00:36:54]} {[%emt 00:03:38]} 18. Qg2
{[%clk 00:26:18]} {[%emt 00:02:24]} Rae8 {[%clk 00:34:47]} {[%emt 00:02:37]} 19.
Be4 {[%clk 00:25:25]} {[%emt 00:01:22]} Qf6 {[%clk 00:28:09]} {[%emt 00:07:07]}
20. c3 {[%clk 00:20:45]} {[%emt 00:05:12]} Qd6 {[%clk 00:20:03]} {[%emt
00:08:36]} 21. d4 {[%clk 00:17:37]} {[%emt 00:03:38]} Kh8 {[%clk 00:16:46]}
{[%emt 00:03:46]} 22. Re1 {[%clk 00:17:40]} {[%emt 00:00:28]} Re7 {[%clk
00:14:49]} {[%emt 00:02:28]} 23. Qh3 {[%clk 00:15:10]} {[%emt 00:03:00]} Qh6
{[%clk 00:15:14]} {[%emt 00:00:04]} 24. Qg4 {[%clk 00:15:03]} {[%emt 00:00:36]}
Rfe8 {[%clk 00:14:54]} {[%emt 00:00:51]} 25. Nd5 {[%clk 00:15:10]} {[%emt
00:00:23]} Rxe4 {[%clk 00:15:12]} {[%emt 00:00:12]} 26. Rxe4 {[%clk 00:14:57]}
{[%emt 00:00:43]} Qc1+ {[%clk 00:15:38]} {[%emt 00:00:04]} 27. Kg2 {[%clk
00:15:17]} {[%emt 00:00:10]} Qc2+ {[%clk 00:15:41]} {[%emt 00:00:27]} 28. Kf3
{[%clk 00:15:10]} {[%emt 00:00:37]} Qd1+ {[%clk 00:16:07]} {[%emt 00:00:04]} 29.
Kg2 {[%clk 00:12:37]} {[%emt 00:03:02]} Qc2+ {[%clk 00:11:38]} {[%emt
00:05:00]} 30. Kf3 {[%clk 00:12:11]} {[%emt 00:00:56]} Rf8+ {[%clk 00:10:19]}
{[%emt 00:01:49]} 31. Rf4 {[%clk 00:10:57]} {[%emt 00:01:43]} Rxf4+ {[%clk
00:05:07]} {[%emt 00:05:43]} 32. Nxf4 {[%clk 00:11:05]} {[%emt 00:00:22]} Qd1+
{[%clk 00:05:00]} {[%emt 00:00:37]} 33. Ne2 {[%clk 00:11:29]} {[%emt 00:00:06]}
h6 {[%clk 00:04:53]} {[%emt 00:00:38]} 34. Kf2 {[%clk 00:07:20]} {[%emt
00:04:38]} Qd2 {[%clk 00:04:54]} {[%emt 00:00:31]} 35. Qc8+ {[%clk 00:07:33]}
{[%emt 00:00:16]} Kh7 {[%clk 00:05:23]} {[%emt 00:00:01]} 36. Qxb7 {[%clk
00:07:41]} {[%emt 00:00:22]} Ne7 {[%clk 00:04:21]} {[%emt 00:01:32]} 37. Qe4+
{[%clk 00:05:32]} {[%emt 00:02:39]} Ng6 {[%clk 00:04:47]} {[%emt 00:00:04]} 38.
h4 {[%clk 00:05:53]} {[%emt 00:00:09]} h5 {[%clk 00:05:03]} {[%emt 00:00:14]}
39. Qf5 {[%clk 00:05:07]} {[%emt 00:01:16]} Kh6 {[%clk 00:05:07]} {[%emt
00:00:25]} 40. Kf3 {[%clk 00:04:08]} {[%emt 00:01:28]} c6 {[%clk 00:04:30]}
{[%emt 00:01:09]} 41. a4 {[%clk 00:02:53]} {[%emt 00:01:44]} a5 {[%clk
00:01:51]} {[%emt 00:03:09]} 42. Qxa5 {[%clk 00:30:22]} {[%emt 00:03:01]} Ne7
{[%clk 00:30:15]} {[%emt 00:02:06]} 43. Qg5+ {[%clk 00:29:24]} {[%emt
00:01:28]} Qxg5 {[%clk 00:30:40]} {[%emt 00:00:05]} 44. hxg5+ {[%clk 00:29:45]}
{[%emt 00:00:09]} Kxg5 {[%clk 00:31:08]} {[%emt 00:00:02]} 45. Nf4 {[%clk
00:29:57]} {[%emt 00:00:18]} h4 {[%clk 00:30:52]} {[%emt 00:00:45]} 46. a5
{[%clk 00:26:22]} {[%emt 00:04:06]} hxg3 {[%clk 00:30:00]} {[%emt 00:01:21]} 47.
Kxg3 {[%clk 00:25:42]} {[%emt 00:01:10]} Nf5+ {[%clk 00:30:26]} {[%emt
00:00:05]} 48. Kf3 {[%clk 00:26:00]} {[%emt 00:00:12]} Nd6 {[%clk 00:30:51]}
{[%emt 00:00:05]} 49. Ne6+ {[%clk 00:24:50]} {[%emt 00:01:40]} Kf6 {[%clk
00:31:12]} {[%emt 00:00:09]} 50. Nd8 {[%clk 00:24:48]} {[%emt 00:00:32]} Nc4
{[%clk 00:30:43]} {[%emt 00:01:00]} 51. a6 {[%clk 00:23:44]} {[%emt 00:01:34]}
Ke7 {[%clk 00:30:06]} {[%emt 00:01:05]} 52. Nxc6+ {[%clk 00:23:11]} {[%emt
00:01:04]} Kd6 {[%clk 00:30:24]} {[%emt 00:00:11]} 53. Ne5 {[%clk 00:21:42]}
{[%emt 00:02:00]} Nb6 {[%clk 00:30:35]} {[%emt 00:00:20]} 54. c4 {[%clk
00:20:57]} {[%emt 00:01:15]} Nc8 {[%clk 00:28:52]} {[%emt 00:02:13]} 55. b4
{[%clk 00:21:07]} {[%emt 00:00:19]} Na7 {[%clk 00:29:13]} {[%emt 00:00:09]} 56.
b5 {[%clk 00:21:07]} {[%emt 00:00:30]} Kc7 {[%clk 00:29:37]} {[%emt 00:00:06]}
57. Nd3 {[%clk 00:20:57]} {[%emt 00:00:40]} Kb6 {[%clk 00:29:47]} {[%emt
00:00:20]} 58. d5 {[%clk 00:21:09]} {[%emt 00:00:18]} Kc7 {[%clk 00:30:10]}
{[%emt 00:00:07]} 59. Ke4 {[%clk 00:21:31]} {[%emt 00:00:08]} Kd7 {[%clk
00:30:21]} {[%emt 00:00:20]} 60. b6 {[%clk 00:21:42]} {[%emt 00:00:18]} Nc8
{[%clk 00:30:38]} {[%emt 00:00:13]} 61. c5 {[%clk 00:22:00]} {[%emt 00:00:12]}
1-0

[Event "Hoogeveen Open"]
[Site "Hoogeveen, Netherlands"]
[Date "2018.10.22"]
[Round "3.36"]
[White "Maters, Arthur"]
[Black "Brands, Kevin"]
[Result "1-0"]
[WhiteElo "1933"]
[BlackElo "1862"]

1. e4 {[%clk 01:30:59]} c5 {[%clk 01:30:56]} {[%emt 00:00:04]} 2. Nf3 {[%clk
01:31:24]} {[%emt 00:00:05]} d6 {[%clk 01:31:23]} {[%emt 00:00:03]} 3. d4
{[%clk 01:31:50]} {[%emt 00:00:04]} cxd4 {[%clk 01:31:50]} {[%emt 00:00:03]} 4.
Nxd4 {[%clk 01:32:14]} {[%emt 00:00:06]} Nf6 {[%clk 01:32:16]} {[%emt
00:00:04]} 5. Nc3 {[%clk 01:32:39]} {[%emt 00:00:06]} a6 {[%clk 01:32:42]}
{[%emt 00:00:03]} 6. Be2 {[%clk 01:33:04]} {[%emt 00:00:04]} e5 {[%clk
01:33:08]} {[%emt 00:00:04]} 7. Nf3 {[%clk 01:33:30]} {[%emt 00:00:05]} Be7
{[%clk 01:32:20]} {[%emt 00:01:18]} 8. Bg5 {[%clk 01:33:54]} {[%emt 00:00:07]}
Nbd7 {[%clk 01:31:23]} {[%emt 00:01:27]} 9. a4 {[%clk 01:34:12]} {[%emt
00:00:12]} O-O {[%clk 01:31:18]} {[%emt 00:00:34]} 10. O-O {[%clk 01:34:34]}
{[%emt 00:00:07]} Re8 {[%clk 01:22:10]} {[%emt 00:09:39]} 11. Nd2 {[%clk
01:22:10]} {[%emt 00:12:54]} h6 {[%clk 01:01:03]} {[%emt 00:21:36]} 12. Bxf6
{[%clk 01:18:20]} {[%emt 00:04:21]} Nxf6 {[%clk 01:01:29]} {[%emt 00:00:04]} 13.
Nc4 {[%clk 01:16:45]} {[%emt 00:02:05]} Be6 {[%clk 00:58:02]} {[%emt 00:03:57]}
14. Ne3 {[%clk 01:16:57]} {[%emt 00:00:18]} Rc8 {[%clk 00:57:39]} {[%emt
00:00:53]} 15. Qd2 {[%clk 01:11:37]} {[%emt 00:05:50]} Rc5 {[%clk 00:51:28]}
{[%emt 00:06:42]} 16. Rfd1 {[%clk 01:10:11]} {[%emt 00:01:56]} Qb6 {[%clk
00:43:06]} {[%emt 00:08:52]} 17. Rab1 {[%clk 01:09:37]} {[%emt 00:01:04]} Qc7
{[%clk 00:42:40]} {[%emt 00:00:55]} 18. Rbc1 {[%clk 01:03:14]} {[%emt
00:06:53]} Rxc3 {[%clk 00:38:23]} {[%emt 00:04:47]} 19. Qxc3 {[%clk 01:01:18]}
{[%emt 00:02:26]} Qxc3 {[%clk 00:38:49]} {[%emt 00:00:05]} 20. bxc3 {[%clk
01:01:40]} {[%emt 00:00:08]} Nxe4 {[%clk 00:38:30]} {[%emt 00:00:49]} 21. c4
{[%clk 00:56:05]} {[%emt 00:06:05]} Nc3 {[%clk 00:38:27]} {[%emt 00:00:33]} 22.
Rd2 {[%clk 00:56:02]} {[%emt 00:00:33]} Nxa4 {[%clk 00:38:53]} {[%emt
00:00:05]} 23. Rb1 {[%clk 00:54:41]} {[%emt 00:01:51]} Nc5 {[%clk 00:38:32]}
{[%emt 00:00:51]} 24. Rb6 {[%clk 00:47:26]} {[%emt 00:07:45]} Rc8 {[%clk
00:33:07]} {[%emt 00:05:56]} 25. g3 {[%clk 00:42:49]} {[%emt 00:05:06]} a5
{[%clk 00:30:43]} {[%emt 00:02:55]} 26. Rd1 {[%clk 00:40:18]} {[%emt 00:03:00]}
a4 {[%clk 00:26:46]} {[%emt 00:04:27]} 27. Ra1 {[%clk 00:39:41]} {[%emt
00:01:06]} Ra8 {[%clk 00:23:03]} {[%emt 00:04:12]} 28. Bd1 {[%clk 00:36:50]}
{[%emt 00:03:21]} a3 {[%clk 00:20:54]} {[%emt 00:02:40]} 29. Ra2 {[%clk
00:35:54]} {[%emt 00:01:26]} Ne4 {[%clk 00:13:51]} {[%emt 00:07:33]} 30. Rb3
{[%clk 00:34:30]} {[%emt 00:01:54]} Nd2 {[%clk 00:12:13]} {[%emt 00:02:07]} 31.
Rbxa3 {[%clk 00:30:30]} {[%emt 00:04:30]} Rxa3 {[%clk 00:12:40]} {[%emt
00:00:04]} 32. Rxa3 {[%clk 00:30:49]} {[%emt 00:00:11]} Nxc4 {[%clk 00:13:01]}
{[%emt 00:00:09]} 33. Nxc4 {[%clk 00:29:00]} {[%emt 00:02:18]} Bxc4 {[%clk
00:13:25]} {[%emt 00:00:07]} 34. Ra8+ {[%clk 00:29:24]} {[%emt 00:00:06]} Kh7
{[%clk 00:12:10]} {[%emt 00:01:46]} 35. Rc8 {[%clk 00:29:07]} {[%emt 00:00:46]}
b5 {[%clk 00:11:35]} {[%emt 00:01:06]} 36. Rc7 {[%clk 00:27:47]} {[%emt
00:01:49]} Bf8 {[%clk 00:11:16]} {[%emt 00:00:48]} 37. Bf3 {[%clk 00:27:04]}
{[%emt 00:01:13]} Kg6 {[%clk 00:07:33]} {[%emt 00:04:13]} 38. Bc6 {[%clk
00:22:52]} {[%emt 00:04:42]} Kf6 {[%clk 00:06:46]} {[%emt 00:01:18]} 39. Rb7
{[%clk 00:22:52]} {[%emt 00:00:30]} Be7 {[%clk 00:07:02]} {[%emt 00:00:14]} 40.
Bxb5 {[%clk 00:22:58]} {[%emt 00:00:24]} Bxb5 {[%clk 00:07:28]} {[%emt
00:00:04]} 41. Rxb5 {[%clk 00:23:17]} {[%emt 00:00:11]} Ke6 {[%clk 00:05:53]}
{[%emt 00:02:04]} 42. c4 {[%clk 00:22:12]} {[%emt 00:01:35]} Bd8 {[%clk
00:05:31]} {[%emt 00:00:53]} 43. Kf1 {[%clk 00:21:06]} {[%emt 00:01:35]} Bg5
{[%clk 00:02:26]} {[%emt 00:03:34]} 44. Ke2 {[%clk 00:20:32]} {[%emt 00:01:04]}
Bc1 {[%clk 00:02:38]} {[%emt 00:00:19]} 45. Rb3 {[%clk 00:20:33]} {[%emt
00:00:29]} Bg5 {[%clk 00:02:11]} {[%emt 00:00:57]} 46. Kd3 {[%clk 00:20:33]}
{[%emt 00:00:29]} Bd8 {[%clk 00:28:32]} {[%emt 00:04:10]} 47. Rb5 {[%clk
00:50:08]} {[%emt 00:00:54]} Bc7 {[%clk 00:27:13]} {[%emt 00:01:49]} 48. Ke4
{[%clk 00:42:16]} {[%emt 00:08:22]} Bd8 {[%clk 00:26:45]} {[%emt 00:00:59]} 49.
h4 {[%clk 00:36:49]} {[%emt 00:05:58]} f5+ {[%clk 00:22:43]} {[%emt 00:04:32]}
50. Ke3 {[%clk 00:37:02]} {[%emt 00:00:15]} g5 {[%clk 00:21:42]} {[%emt
00:01:33]} 51. h5 {[%clk 00:35:50]} {[%emt 00:01:42]} g4 {[%clk 00:21:30]}
{[%emt 00:00:41]} 52. Rb7 {[%clk 00:31:07]} {[%emt 00:05:13]} e4 {[%clk
00:19:28]} {[%emt 00:02:32]} 53. Rg7 {[%clk 00:28:56]} {[%emt 00:02:39]} Bg5+
{[%clk 00:18:40]} {[%emt 00:01:20]} 54. Ke2 {[%clk 00:29:19]} {[%emt 00:00:08]}
Kf6 {[%clk 00:18:53]} {[%emt 00:00:17]} 55. Rg6+ {[%clk 00:29:40]} {[%emt
00:00:09]} Ke5 {[%clk 00:19:01]} {[%emt 00:00:22]} 56. Kd1 {[%clk 00:28:59]}
{[%emt 00:01:10]} f4 {[%clk 00:16:17]} {[%emt 00:03:14]} 57. gxf4+ {[%clk
00:28:13]} {[%emt 00:01:16]} Bxf4 {[%clk 00:12:03]} {[%emt 00:04:44]} 58. Rxg4
{[%clk 00:27:55]} {[%emt 00:00:48]} Kf5 {[%clk 00:12:24]} {[%emt 00:00:09]} 59.
Rg6 {[%clk 00:27:37]} {[%emt 00:00:48]} Ke5 {[%clk 00:12:08]} {[%emt 00:00:47]}
60. Ke2 {[%clk 00:25:53]} {[%emt 00:02:14]} Kd4 {[%clk 00:11:28]} {[%emt
00:01:10]} 61. Rf6 {[%clk 00:23:30]} {[%emt 00:02:54]} Ke5 {[%clk 00:11:47]}
{[%emt 00:00:11]} 62. Rf8 {[%clk 00:23:54]} {[%emt 00:00:06]} Bg5 {[%clk
00:12:03]} {[%emt 00:00:14]} 63. f3 {[%clk 00:20:57]} {[%emt 00:03:27]} exf3+
{[%clk 00:10:34]} {[%emt 00:01:59]} 64. Kxf3 {[%clk 00:20:47]} {[%emt
00:00:40]} Kd4 {[%clk 00:09:11]} {[%emt 00:01:52]} 65. Rf5 {[%clk 00:20:22]}
{[%emt 00:00:55]} Be7 {[%clk 00:07:55]} {[%emt 00:01:46]} 66. Rf7 {[%clk
00:20:33]} {[%emt 00:00:18]} Bg5 {[%clk 00:08:12]} {[%emt 00:00:12]} 67. Rd7
{[%clk 00:20:50]} {[%emt 00:00:13]} Kxc4 {[%clk 00:06:24]} {[%emt 00:02:19]} 68.
Rxd6 {[%clk 00:21:13]} {[%emt 00:00:07]} Kc5 {[%clk 00:06:50]} {[%emt
00:00:04]} 69. Rd1 {[%clk 00:21:35]} {[%emt 00:00:08]} Kc6 {[%clk 00:06:09]}
{[%emt 00:01:11]} 70. Ke4 {[%clk 00:22:01]} {[%emt 00:00:04]} Kc7 {[%clk
00:06:28]} {[%emt 00:00:11]} 71. Kf5 {[%clk 00:22:24]} {[%emt 00:00:07]} Be3
{[%clk 00:05:35]} {[%emt 00:01:23]} 72. Kg6 {[%clk 00:22:48]} {[%emt 00:00:06]}
Bg5 {[%clk 00:05:15]} {[%emt 00:00:51]} 73. Kg7 {[%clk 00:23:13]} {[%emt
00:00:04]} Be3 {[%clk 00:05:32]} {[%emt 00:00:13]} 74. Re1 {[%clk 00:23:38]}
{[%emt 00:00:05]} Bg5 {[%clk 00:05:45]} {[%emt 00:00:17]} 75. Re6 {[%clk
00:23:58]} {[%emt 00:00:10]} 1-0